[Event "CRO-ch U17"]
[Site "Vinkovci"]
[Date "2017.07.28"]
[Round "7"]
[White "Radenic, Filip"]
[Black "Novosel, Marko"]
[Result "1/2-1/2"]
[WhiteElo "2129"]
[BlackElo "1989"]
[PlyCount "102"]
[EventDate "2017.07.24"]
[EventType "swiss"]
[EventRounds "9"]
[EventCountry "CRO"]
[SourceTitle "EXT 2018"]
[Source "ChessBase"]
[SourceDate "2017.10.13"]
[SourceVersion "1"]
[SourceVersionDate "2017.10.13"]
[SourceQuality "1"]

1. Nf3 Nf6 2. c4 c5 3. Nc3 Nc6 4. g3 g6 5. Bg2 Bg7 6. 0-0 0-0 7. d4 cxd4 8. Nxd4 h5 9. Bf4 Nxd4 10. Qxd4 d6 11. Qd3 a6 12. Rac1 Nd7 13. Qd2 Rb8 14. b4 b6 15. Bg5 Bxc3 16. Rxc3 Kh7 17. Bd5 f6 18. Be3 Bb7 19. Be6 Ne5 20. Qd4 Bc8 21. Bd5 Bb7 22. Qf4 Bxd5 23. Qh6+ Kg8 24. cxd5 Rf7 25. Bd4 Rh7 26. Qd2 Qd7 27. Bxe5 dxe5 28. h4 Kh8 29. Rfc1 g5 30. hxg5 Rg8 31. g6 Rxg6 32. Qc2 Rg8 33. Rc8 Rhg7 34. Rxg8+ Rxg8 35. Qe4 Rg4 36. Qf3 e4 37. Qe3 Kg7 38. Qxb6 Qxd5 39. Qc5 Qe6 40. Qxh5 e3 41. Rc7 exf2+ 42. Kxf2 Rg5 43. Qf3 Qb6+ 44. Rc5 Rxc5 45. bxc5 Qxc5+ 46. Kg2 Qc4 47. a3 a5 48. Qe3 e5 49. Kf2 a4 50. Ke1 e4 51. Kf2 Kg6 1/2-1/2

[Event "CRO-ch U17"]
[Site "Vinkovci"]
[Date "2017.07.25"]
[Round "3"]
[White "Novosel, Marko"]
[Black "Muha, Miljenko"]
[Result "0-1"]
[WhiteElo "1989"]
[BlackElo "2256"]
[PlyCount "88"]
[EventDate "2017.07.24"]
[EventType "swiss"]
[EventRounds "9"]
[EventCountry "CRO"]
[SourceTitle "EXT 2018"]
[Source "ChessBase"]
[SourceDate "2017.10.13"]
[SourceVersion "1"]
[SourceVersionDate "2017.10.13"]
[SourceQuality "1"]

1. d4 Nf6 2. c4 g6 3. Nc3 Bg7 4. e4 0-0 5. Be2 d6 6. Nf3 Bg4 7. Be3 Nfd7 8. Qb3 Qc8 9. Nd5 Nc6 10. Nb4 Nxb4 11. Qxb4 c5 12. Qd2 Bxf3 13. gxf3 cxd4 14. Bxd4 Bxd4 15. Qxd4 Qc5 16. Qxc5 dxc5 17. 0-0-0 Rfd8 18. f4 Nf8 19. Bg4 e6 20. f5 e5 21. Kc2 f6 22. h4 Kf7 23. Kc3 Rd4 24. Rxd4 exd4+ 25. Kd3 a5 26. f4 Re8 27. Re1 Re7 28. e5 gxf5 29. Bxf5 Ng6 30. Bxg6+ hxg6 31. h5 gxh5 32. Ke4 fxe5 33. fxe5 Rd7 34. Kf5 Rd8 35. Rg1 d3 36. e6+ Ke7 37. Rg7+ Kd6 38. Rg3 d2 39. Rg1 Rf8+ 40. Ke4 Kxe6 41. Rg6+ Rf6 42. Rg1 Rf2 43. Ke3 Rg2 44. Rf1 h4 0-1

[Event "CRO-chT U16 final"]
[Site "Djurdjevac"]
[Date "2016.12.27"]
[Round "2.12"]
[White "Jakrlin, Mihael"]
[Black "Novosel, Marko"]
[Result "1-0"]
[WhiteElo "1663"]
[BlackElo "1926"]
[PlyCount "83"]
[EventDate "2016.12.27"]
[EventType "team-tourn"]
[EventRounds "7"]
[EventCountry "CRO"]
[SourceTitle "EXT 2019"]
[Source "ChessBase"]
[SourceDate "2018.10.10"]
[SourceVersion "1"]
[SourceVersionDate "2018.10.10"]
[SourceQuality "1"]

1. e4 c5 2. c3 g6 3. d4 cxd4 4. cxd4 Bg7 5. Nc3 b6 6. Nf3 Bb7 7. Bd3 Nf6 8. Bf4 0-0 9. 0-0 d6 10. a3 Nbd7 11. Rc1 Rc8 12. h3 Re8 13. d5 Nc5 14. Bb1 Nh5 15. Be3 Bxc3 16. Rxc3 Nf6 17. Nd2 Qd7 18. Bc2 Ba6 19. Re1 Bb5 20. Qf3 Qb7 21. Bd4 Ncd7 22. Rc1 Rxc3 23. Bxc3 Rc8 24. Qe3 Ne5 25. Bxe5 dxe5 26. Nb1 Qd7 27. Nc3 Nh5 28. Qg5 f6 29. Qe3 Nf4 30. Rd1 g5 31. Bb3 Kg7 32. Kh2 h5 33. Nxb5 Qxb5 34. g3 Ne2 35. a4 Qa6 36. d6 exd6 37. Rxd6 Rf8 38. Rd7+ Kg6 39. Be6 Nd4 40. Qxd4 f5 41. Qxe5 Qa5 42. Qg7# 1-0

[Event "Hum na Sutli op 10th"]
[Site "Hum na Sutli"]
[Date "2016.08.26"]
[Round "1"]
[White "Matanovic, Luka"]
[Black "Novosel, Marko"]
[Result "0-1"]
[WhiteElo "2210"]
[BlackElo "1793"]
[PlyCount "90"]
[EventDate "2016.08.26"]
[EventType "swiss"]
[EventRounds "9"]
[EventCountry "CRO"]
[SourceTitle "CBM 174 Extra"]
[Source "ChessBase"]
[SourceDate "2016.10.10"]
[SourceVersion "1"]
[SourceVersionDate "2016.10.10"]
[SourceQuality "1"]

1. e4 c5 2. Nf3 d6 3. d4 cxd4 4. Qxd4 a6 5. c4 Nc6 6. Qe3 Nf6 7. h3 g6 8. Be2 Bg7 9. 0-0 0-0 10. Nc3 Qc7 11. Bd2 e6 12. Rfc1 Nd7 13. Rab1 Nce5 14. b3 b6 15. Nd4 Bb7 16. f4 Nc6 17. Nxc6 Qxc6 18. Bf3 Qc5 19. Na4 Qc7 20. b4 Rac8 21. Qf2 Qd8 22. c5 b5 23. Nb6 Nxb6 24. cxb6 Qd7 25. Be3 Rc4 26. Rd1 Bxe4 27. Bxe4 Rxe4 28. Bc5 d5 29. Bxf8 Kxf8 30. Qc5+ Ke8 31. Rbc1 Rc4 32. Rxc4 bxc4 33. b5 Bf8 34. Qc6 Qxc6 35. bxc6 Bc5+ 36. Kf1 Bxb6 37. Rb1 Bc7 38. g3 Ke7 39. Rb7 Kd6 40. Ra7 Kxc6 41. Rxa6+ Kb5 42. Ra7 Ba5 43. Rxf7 c3 44. Rb7+ Kc4 45. Ra7 c2 0-1

[Event "Krapina Regional Cup"]
[Site "Krapina"]
[Date "2016.02.28"]
[Round "5"]
[White "Mlinaric, Andrija"]
[Black "Novosel, Marko"]
[Result "1-0"]
[WhiteElo "1885"]
[BlackElo "1693"]
[PlyCount "51"]
[EventDate "2016.02.14"]
[EventType "team-swiss"]
[EventRounds "5"]
[EventCountry "CRO"]
[SourceTitle "CBM 171 Extra"]
[Source "ChessBase"]
[SourceDate "2016.04.26"]
[SourceVersion "1"]
[SourceVersionDate "2016.04.26"]
[SourceQuality "1"]

1. d4 d5 2. Nf3 e6 3. g3 b6 4. Bg2 Bb7 5. 0-0 Nf6 6. c4 c5 7. cxd5 Bxd5 8. Nc3 Bb7 9. Bg5 Nbd7 10. Qa4 Be7 11. dxc5 bxc5 12. Rfd1 Nd5 13. Bxe7 Qxe7 14. Ne5 N5b6 15. Rxd7 Qg5 16. Qd1 Bxg2 17. Nxf7 Qf6 18. Nxh8 Nxd7 19. Kxg2 0-0-0 20. Ne4 Qe7 21. Nf7 Rf8 22. Nfd6+ Kc7 23. Qa4 Kb6 24. Qb5+ Kc7 25. Qb7+ Kd8 26. Qc8# 1-0

[Event "Krapina Regional Cup"]
[Site "Krapina"]
[Date "2016.02.14"]
[Round "1"]
[White "Novosel, Marko"]
[Black "Krklec, Josip"]
[Result "0-1"]
[WhiteElo "1693"]
[BlackElo "2043"]
[PlyCount "72"]
[EventDate "2016.02.14"]
[EventType "team-swiss"]
[EventRounds "5"]
[EventCountry "CRO"]
[SourceTitle "CBM 171 Extra"]
[Source "ChessBase"]
[SourceDate "2016.04.26"]
[SourceVersion "1"]
[SourceVersionDate "2016.04.26"]
[SourceQuality "1"]

1. d4 Nf6 2. c4 c5 3. Nf3 cxd4 4. Nxd4 Nc6 5. e3 g6 6. Nc3 Bg7 7. Be2 0-0 8. 0-0 d6 9. Bf3 Ne5 10. b3 Rb8 11. Bb2 a6 12. Ne4 Bd7 13. Rb1 b5 14. Nxf6+ Bxf6 15. cxb5 axb5 16. Nc2 Qa5 17. a3 Rfc8 18. Nd4 Bg7 19. Be2 b4 20. a4 Rc5 21. Nb5 Rbc8 22. Bxe5 Bxe5 23. Bc4 Bf5 24. Qf3 d5 25. Bxd5 Bxb1 26. Qxf7+ Kh8 27. Qe6 Bf6 28. Nd6 Bf5 29. Nxf5 gxf5 30. Bc4 Qd8 31. Kh1 Re5 32. Qa6 Rec5 33. Rg1 Rxc4 34. bxc4 b3 35. Qb5 b2 36. Qxf5 Rxc4 0-1

[Event "Krapina Regional Cup"]
[Site "Krapina"]
[Date "2016.02.14"]
[Round "2"]
[White "Spoljar, Krunoslav"]
[Black "Novosel, Marko"]
[Result "1-0"]
[WhiteElo "1694"]
[BlackElo "1693"]
[PlyCount "35"]
[EventDate "2016.02.14"]
[EventType "team-swiss"]
[EventRounds "5"]
[EventCountry "CRO"]
[SourceTitle "CBM 171 Extra"]
[Source "ChessBase"]
[SourceDate "2016.04.26"]
[SourceVersion "1"]
[SourceVersionDate "2016.04.26"]
[SourceQuality "1"]

1. d4 d5 2. c4 e6 3. Nc3 Nf6 4. e3 Nc6 5. Nf3 b6 6. cxd5 Nxd5 7. Bb5 Bb7 8. Ne5 Nde7 9. Qf3 Qd6 10. Nxf7 Qd7 11. Nxh8 0-0-0 12. Nf7 Re8 13. 0-0 Ng6 14. Ne5 Ngxe5 15. dxe5 Kb8 16. Rd1 Nxe5 17. Qxb7+ Kxb7 18. Bxd7 1-0